Effectif Portugal - Coupe du monde 2026 - Statistiques

Statistiques générales
  • Ce quiz a été pris 65 fois
  • Le résultat moyen est 21 sur 28
Statistiques - réponses
Poste Club Numéro Joueur % Correct
Attaquant Al-Nassr FC - Cristiano Ronaldo
100%
Milieu Paris Saint-Germain - João Neves
98%
Milieu Manchester United - Bruno Fernandes
96%
Milieu Paris Saint-Germain - Vitinha
96%
Milieu Al-Hilal SFC - Rúben Neves
95%
Défenseur Paris Saint-Germain - Nuno Mendes
91%
Attaquant AC Milan - Rafael Leão
91%
Milieu Manchester City - Bernardo Silva
89%
Attaquant Paris Saint-Germain - Gonçalo Ramos
89%
Défenseur Manchester City - Rúben Dias
88%
Gardien Sporting CP - Rui Silva
86%
Gardien FC Porto - Diogo Costa
80%
Défenseur Manchester United - Diogo Dalot
80%
Attaquant Al-Nassr FC - João Félix
80%
Défenseur FC Barcelone - João Cancelo
79%
Attaquant Chelsea FC - Pedro Neto
79%
Gardien Wolverhampton Wanderers - José Sá
77%
Attaquant Juventus Turin - Francisco Conceição
73%
Milieu RCD Mallorca - Samuel Costa
73%
Défenseur Manchester City - Matheus Nunes
70%
Attaquant Sporting CP - Trincão
61%
Défenseur Sporting CP - Gonçalo Inácio
59%
Sélectionneur - - Roberto Martínez
57%
Attaquant Real Sociedad - Gonçalo Guedes
54%
Défenseur Fenerbahçe - Nélson Semedo
50%
Défenseur Villarreal CF - Renato Veiga
38%
Défenseur SL Benfica - Tomás Araújo
36%
Gardien Genclerbirligi Ankara - Ricardo Velho
21%
Aucun quiz correspondant
Distribution des résultats
% des personnes avec chaque résultat
Percentile par nombre de réponses
Votre historique - résultats
Vous n’avez pas pris ce quiz